Muslim ufc fighters-Sudden death - Statistics

General Stats
  • This quiz has been taken 149 times
  • The average score is 7 of 14
Answers on the Grid
Answers color-coded by a green-red scale on the quiz's grid according to % correct below.
Arman tsrukyan
Khamzat chimaev
Khabib Nurmagomedov
Justin gaethje
Jon jones
Alex pereira
Zabit magomedshiripov
Islam makhachev
Kamaru usman
Robbie lawler
Abus magomedov
Illia topuria
Shara bullet
Colby Covington
Paddy pimblett
Jorge masvidal
Kevin lee
Alexander volkanovski
Nassarine imavov
Sean Strickland
Aimen zhabi
Belal Muhammad
Ikram aliskerov
Magomed ankalaev
Tom aspinall
Israel adesanya
Michael chandler
Jean silva
Tagir ulenbekov
Merab dvalishvilli
 
Answer Stats
Answer % Correct
Khabib Nurmagomedov
92%
Islam makhachev
90%
Khamzat chimaev
88%
Zabit magomedshiripov
85%
Abus magomedov
71%
Shara bullet
67%
Belal Muhammad
43%
Magomed ankalaev
42%
Tagir ulenbekov
38%
Kamaru usman
36%
Aimen zhabi
32%
Ikram aliskerov
32%
Alex pereira
8%
Kevin lee
6%
No matching quizzes found
Score Distribution
Percent of People with Each Score
Percentile by Number Answered
Your Score History
You have not taken this quiz